Augustan literature: a guide to restoration and eighteenth century literature1660 -1789 (Record no. 132582)

MARC details
000 -LEADER
fixed length control field 00412nam a2200145Ia 4500
008 - FIXED-LENGTH DATA ELEMENTS--GENERAL INFORMATION
fixed length control field 230917s9999||||xx |||||||||||||| ||und||
040 ## - CATALOGING SOURCE
-- 121467
Original cataloging agency VIVEKANANDA LIBRARY
041 ## - Language
-- English
082 ## - DDC NUMBER
Classification number 820.9 A45A
100 ## - MAIN ENTRY--PERSONAL NAME
Personal name Simmons, Eva ed.
245 #0 - TITLE STATEMENT
Title Augustan literature: a guide to restoration and eighteenth century literature1660 -1789
260 ## - PUBLICATION, DISTRIBUTION, ETC. (IMPRINT)
Place of publication, distribution, etc London
Name of publisher, distributor, etc Bloomsbury
Date of publication, distribution, etc 1994
300 ## - PHYSICAL DESCRIPTION
Pages 295p. p.
942 ## - ADDED ENTRY ELEMENTS (KOHA)
Koha item type Books
Holdings
Withdrawn status Lost status Damaged status Not for loan Location (home branch) Sublocation or collection (holding branch) Date acquired Koha issues (times borrowed) Koha full call number Accession No. Koha date last seen Koha item type
        VIVEKANANDA LIBRARY VIVEKANANDA LIBRARY 05/02/2009   820.9 A45A 231525 17/09/2023 Books
© Designed and Maintained by Vivekananda Library, MDU Rohtak